<?xml version="1.0" encoding="UTF-8"?>
<record
    xmlns:xsi="http://www.w3.org/2001/XMLSchema-instance"
    xsi:schemaLocation="http://www.loc.gov/MARC21/slim http://www.loc.gov/standards/marcxml/schema/MARC21slim.xsd"
    xmlns="http://www.loc.gov/MARC21/slim">

  <leader>01597nam a22002177a 4500</leader>
  <controlfield tag="003">IT_MiCISF</controlfield>
  <controlfield tag="005">20241227120120.0</controlfield>
  <controlfield tag="008">241227b        |||||||| |||| 00| 0 eng d</controlfield>
  <datafield tag="020" ind1=" " ind2=" ">
    <subfield code="a">9788892229693</subfield>
  </datafield>
  <datafield tag="040" ind1=" " ind2=" ">
    <subfield code="c">IT-MiCSF</subfield>
  </datafield>
  <datafield tag="041" ind1=" " ind2=" ">
    <subfield code="a">it</subfield>
  </datafield>
  <datafield tag="100" ind1=" " ind2=" ">
    <subfield code="a">Ecochard Ren&#xE9;</subfield>
    <subfield code="9">61278</subfield>
  </datafield>
  <datafield tag="245" ind1=" " ind2=" ">
    <subfield code="a">Uomo, donna...</subfield>
    <subfield code="b">Cosa ci dicono le neuroscienze</subfield>
  </datafield>
  <datafield tag="260" ind1=" " ind2=" ">
    <subfield code="a">Cinisello B. (MI), </subfield>
    <subfield code="b">San Paolo, </subfield>
    <subfield code="c">2023</subfield>
  </datafield>
  <datafield tag="300" ind1=" " ind2=" ">
    <subfield code="a">pp. 191</subfield>
  </datafield>
  <datafield tag="500" ind1=" " ind2=" ">
    <subfield code="a">persona, differenza-sessuale, crescita-bambini, adolescenza, corpo, identit&#xE0;-maschile, identit&#xE0;-femminile, rapporti-intergenerazionali, genetica, rapporti-genitori-figli</subfield>
  </datafield>
  <datafield tag="520" ind1=" " ind2=" ">
    <subfield code="a">Un libro che offre chiavi di approfondimento sui temi dell&#x2019;identit&#xE0; sessuale per fornire al lettore una riflessione scevra da condizionamenti ideologici nell&#x2019;ambito del dibattito sulla teoria del gender. Basandosi su un enorme lavoro d&#x2019;indagine tra centinaia di riferimenti bibliografici di neuropsicologia e biologia umana, Ren&#xE9; &#xC9;cochard, medico ed esperto di ecologia umana integrale, spiega come, dal concepimento all&#x2019;et&#xE0; adulta, ciascun essere umano abbia costruito nel proprio corpo, nella propria psicologia e nella relazione con gli altri la propria dimensione sessuata. L&#x2019;opera propone uno scenario di modi di vivere il rapporto tra uomo e donna come un&#x2019;armoniosa complementarit&#xE0;. Un libro accessibile a tutti, con un linguaggio chiaro e senza tecnicismi, che fornisce i punti di riferimento essenziali e un approccio molto pratico che ogni genitore o educatore dovrebbe conoscere.</subfield>
  </datafield>
  <datafield tag="650" ind1=" " ind2=" ">
    <subfield code="a">Persona</subfield>
  </datafield>
  <datafield tag="654" ind1=" " ind2=" ">
    <subfield code="a">saggio</subfield>
  </datafield>
  <datafield tag="942" ind1=" " ind2=" ">
    <subfield code="2">ddc</subfield>
    <subfield code="c">BK</subfield>
  </datafield>
  <datafield tag="999" ind1=" " ind2=" ">
    <subfield code="c">360313</subfield>
    <subfield code="d">360313</subfield>
  </datafield>
  <datafield tag="952" ind1=" " ind2=" ">
    <subfield code="0">0</subfield>
    <subfield code="1">0</subfield>
    <subfield code="2">ddc</subfield>
    <subfield code="4">0</subfield>
    <subfield code="6">B_7858_000000000000000</subfield>
    <subfield code="7">1</subfield>
    <subfield code="a">CISF</subfield>
    <subfield code="b">CISF</subfield>
    <subfield code="d">2024-12-27</subfield>
    <subfield code="l">0</subfield>
    <subfield code="o">B7858</subfield>
    <subfield code="p">9788892229693</subfield>
    <subfield code="r">2024-12-27 12:01:38</subfield>
    <subfield code="w">2024-12-27</subfield>
    <subfield code="y">BK</subfield>
  </datafield>
</record>
